000 00684nam a2200253Ia 4500
003 OSt
005 20220927102943.0
006 a|||||r|||| 00| 0
007 ta
008 220926b |||||||| |||| 00| 0 eng d
024 _a15896
037 _cReference Collections
040 _aRTL
_cRTL
_beng
041 _2eng
_aeng
082 _a"Xn2,N69, K9/RR"
100 _aGupta Raj Narain
_9351993
245 0 _aIndian Economics Yearbook.
250 _aEd.8
260 _aAllahabad
_bKitab Mahal
_c1969
300 _ax;312p
_ccm.
500 _aAppendix p309-312
942 _h"Xn2,N69, K9/RR"
_cCC
999 _c679707
_d679707